Contrastive Analysis of Terminological Phrasemes With Colour Components in English, French, Italian and Slovak. Field of Economy and Finance

Kontrastívna frazeológia. Typológia rovnocennosti fráz. Symbolizácia farieb. Čierna ako symbol.

Na minha lista:
Detalhes bibliográficos
Autor principal: Dinžíková, Iveta
Outros Autores: Paolini, Michelle
Formato: Capítulo de Livro
Idioma:inglês
Assuntos:
Tags: Adicionar Tag
Sem tags, seja o primeiro a adicionar uma tag!

MARC

LEADER 00000naa a2200000 4500
001 0246406
005 20180717081116.9
041 0 |a eng 
044 |a SK 
245 1 0 |a Contrastive Analysis of Terminological Phrasemes With Colour Components in English, French, Italian and Slovak. Field of Economy and Finance  |c Iveta Dinžíková, Michelle Paolini 
520 |a Kontrastívna frazeológia. Typológia rovnocennosti fráz. Symbolizácia farieb. Čierna ako symbol. 
610 2 0 |a frazeológia 
610 2 0 |a terminológia 
610 2 0 |a jazyky cudzie 
610 2 0 |a ekonómia 
610 2 0 |a financie 
610 2 0 |a angličtina 
610 2 0 |a francúzština 
610 2 0 |a taliančina 
610 2 0 |a slovenčina 
610 2 0 |a farby 
100 1 |a Dinžíková, Iveta 
700 1 |a Paolini, Michelle